书目信息 |
| 题名: |
军训手册
|
|
| 作者: | 张治武 编著 | |
| 分册: | ||
| 出版信息: | 北京 教育科学出版社 1997.05 |
|
| 页数: | 113页 | |
| 开本: | 36开 | |
| 丛书名: | ||
| 单 册: | ||
| 中图分类: | G418-62 | |
| 科图分类: | ||
| 主题词: | 思想政治教育--学校教育 , 德育--学校教育 | |
| 电子资源: | ||
| ISBN: | 7-5041-1699-8 | |
| 000 | 00580nam0 2200205 45 | |
| 001 | 0008181007 | |
| 005 | 20000818104014.4 | |
| 010 | @a7-5041-1699-8@d4.50元 | |
| 100 | @a20000818d1997 km y0chiy0120 ea | |
| 101 | 0 | @achi |
| 105 | @a z 000yy | |
| 200 | 1 | @a军训手册@AJun Xun Shou Ce@f张治武编著@FZhang Zhi Wu Bian Zhu |
| 210 | @a北京@c教育科学出版社@d1997.05 | |
| 215 | @a113页@d36开 | |
| 606 | 0 | @a思想政治教育--学校教育 |
| 606 | 0 | @a德育--学校教育 |
| 690 | @aG418-62@v3 | |
| 701 | 0 | @a张治武@4编著 |
| 801 | @aCN@bPftUser@c20000818 | |
| 905 | @b110573-577@dG418-62@eZH879@f5 | |
| 军训手册/张治武编著.-北京:教育科学出版社,1997.05 |
| 113页;36开 |
| ISBN 7-5041-1699-8:4.50元 |
| ● |
| 相关链接 |
|
|
|
正题名:军训手册
索取号:G418-62/ZH879
 
预约/预借
| 序号 | 登录号 | 条形码 | 馆藏地/架位号 | 状态 | 备注 |
| 1 | 110573 | 201105730 | 社科库409/309社科库 91排3列4层/ [索取号:G418-62/ZH879] | 在馆 | |
| 2 | 110574 | 201105749 | 社科库409/409社科库 2排2列3层/ [索取号:G418-62/ZH879] | 在馆 | |
| 3 | 110575 | 201105758 | 社科库409/409社科库 2排2列3层/ [索取号:G418-62/ZH879] | 在馆 | |
| 4 | 110576 | 201105767 | 社科库409/409社科库 2排2列3层/ [索取号:G418-62/ZH879] | 在馆 | |
| 5 | 110577 | 201105776 | 社科库409/409社科库 2排2列3层/ [索取号:G418-62/ZH879] | 在馆 |